Normal view
MARC view
- Bruce, R. Gregg ,Dalton, William K ,Neely, John E
Entry Personal Name
001 - CONTROL NUMBER
- control field: 62280
003 - CONTROL NUMBER IDENTIFIER
- control field: NUST
005 - DATE AND TIME OF LATEST TRANSACTION
- control field: 20210628202919.0
008 - FIXED-LENGTH DATA ELEMENTS
- fixed length control field: 210628|| aca||aabn | a|a d
040 ## - CATALOGING SOURCE
- Original cataloging agency: NUST
- Transcribing agency: NUST
100 ## - HEADING--PERSONAL NAME
- Personal name: Bruce, R. Gregg ,Dalton, William K ,Neely, John E
670 ## - SOURCE DATA FOUND
- Source citation: Work cat.: (NUST): Bruce, R. Gregg ,Dalton, William K ,Neely, John E, Modern materials and manufacturing processes, 2015
